[Event "Tabor op"]
[Site "Tabor"]
[Date "2013.08.01"]
[Round "6"]
[White "Vojta, Ladislav"]
[Black "Krnak, Vladimir"]
[Result "0-1"]
[WhiteElo "1544"]
[BlackElo "1808"]
[PlyCount "94"]
[EventDate "2013.07.28"]
[EventType "swiss"]
[EventRounds "9"]
[EventCountry "CZE"]
[SourceTitle "CBM 155 Extra"]
[Source "ChessBase"]
[SourceDate "2013.08.26"]
[SourceVersion "1"]
[SourceVersionDate "2013.08.26"]
[SourceQuality "1"]

1. f4 Nf6 2. Nf3 g6 3. e3 Bg7 4. d4 0-0 5. Be2 b6 6. 0-0 Bb7 7. c3 d6 8. Nbd2 a5 9. Qc2 e6 10. e4 Nc6 11. e5 Ng4 12. Qe4 Rb8 13. Qd3 Ne7 14. Nh4 Nd5 15. Bxg4 Qxh4 16. Qh3 Qxh3 17. Bxh3 Ba6 18. Rf2 Bd3 19. g3 dxe5 20. dxe5 Rfd8 21. Bf1 Bf5 22. Nc4 Bf8 23. Kh1 Bc5 24. Rd2 Rd7 25. h3 h5 26. Kh2 Rbd8 27. Bd3 Ne3 28. Nxe3 Bxe3 29. Re2 Bg1+ 30. Kxg1 Rxd3 31. Be3 Bxh3 32. Kf2 a4 33. a3 Bf5 34. Rc1 c5 35. Rcc2 Rxe3 36. Kxe3 Bxc2 37. Rxc2 Kf8 38. Rd2 Rxd2 39. Kxd2 Ke7 40. Kd3 b5 41. c4 b4 42. axb4 cxb4 43. c5 Kd7 44. Kc4 a3 45. bxa3 bxa3 46. Kb3 Kc6 47. Kxa3 Kxc5 0-1

[Event "Tabor op"]
[Site "Tabor"]
[Date "2012.08.05"]
[Round "9"]
[White "Schmidt, Karel"]
[Black "Vojta, Ladislav"]
[Result "1-0"]
[WhiteElo "1750"]
[BlackElo "1534"]
[PlyCount "81"]
[EventDate "2012.07.29"]
[EventType "swiss"]
[EventRounds "9"]
[EventCountry "CZE"]
[SourceTitle "EXT 2013"]
[Source "ChessBase"]
[SourceDate "2012.11.22"]
[SourceVersion "1"]
[SourceVersionDate "2012.11.22"]
[SourceQuality "1"]

1. d4 b5 2. e4 Bb7 3. f3 a6 4. a4 b4 5. a5 e6 6. Be3 Nf6 7. c3 Nc6 8. c4 d5 9. e5 Nd7 10. cxd5 exd5 11. f4 Ne7 12. Bd3 g6 13. Nf3 Rc8 14. 0-0 c5 15. dxc5 Nxc5 16. Bc2 Ne4 17. Nbd2 Nf5 18. Bb6 Bc5+ 19. Bxc5 Rxc5 20. Nb3 Rc8 21. Qe2 0-0 22. Bd3 Rc6 23. Bxe4 dxe4 24. Qxe4 Qc8 25. Qe1 Rc4 26. Nfd2 Rc2 27. Rc1 Qc6 28. Nf3 Qd5 29. Rxc2 Qxb3 30. Re2 Qd5 31. Rd2 Qc5+ 32. Kh1 Ne3 33. Rff2 Ng4 34. Rfe2 Rc8 35. h3 Bxf3 36. gxf3 Nh6 37. e6 fxe6 38. Rxe6 Qxa5 39. Re7 Qh5 40. Qe6+ Kh8 41. Qf6+ 1-0